000 00837nam a2200217Ii 4500
003 JO-AjNU
008 230605s9999||||xx |||||||||||||| ||und||
017 _a2012/6/2061
040 _aJO-AjNU
_bara
_erda
_cJO-AjNU
041 _aara
050 1 4 _aBP195 2012
100 3 _aالخلايلة، أيمن غازي,
_eauthor
_950427
245 0 0 _aفلسفة الفعل الخلقي عند أعلام المعتزلة: القاضي عبد الجبار الهمذاني
250 _aالطبعة العربية
264 3 1 _aعمان: مكتبة الطليعة العلمية للنشر والتوزيع، 2012
300 _a102ص
336 _atext
_btxt
_2rdacontent
337 _aunmediated
_bn
_2rdamedia
338 _avolume
_bnc
_2rdacarrier
650 4 _aالمعتزلة - فرق اسلامية - فلسفة اسلامية
_950428
999 _aA22213
_c25781
_d25781